Institutions in Economics : The Old and the New Institutionalism /

Gardado en:
Detalles Bibliográficos
Autor Principal: Rutherford, Malcolm (autor)
Formato: Libro
Idioma:inglés
Publicado: Cambridge, Inglaterra : Cambridge University, 1994, c1994
Series:(Historical Perspectives on Modern Economics)
Temas:
Etiquetas: Engadir etiqueta
Sen Etiquetas, Sexa o primeiro en etiquetar este rexistro!

MARC

LEADER 00000nam^a2200000^a^4500
001 000136995
005 20250521000000.0
009 20260310095336.887
020 |a 0-521-57447-1 
037 |a Acervo ITESO - Biblioteca 
041 |a ING 
082 |a 330. 1  |b RUT 
100 |a Rutherford, Malcolm  |e (autor) 
245 1 0 |a Institutions in Economics :  |b The Old and the New Institutionalism /  |c M. Rutherford. 
264 4 |a Cambridge, Inglaterra :  |b Cambridge University,  |c 1994, c1994 
300 |a 225 p. 
336 |a texto  |b txt  |2 rdacontenido 
337 |a sin mediación  |b n  |2 rdamedio 
338 |a volumen  |b nc  |2 rdasoporte 
440 1 |a (Historical Perspectives on Modern Economics) 
649 |a XX 
650 |a Organización (Economía) -  |x Teoría 
650 |a Economía Comparada 
650 |a Economía -  |x Historia 
650 |a Sociología de la Economía 
910 |a Fondo General 
920 |a Impresos - Libros 
930 |a Colección General 
905 |a 101 
901 |a 0500065831  |b IT1  |c ACC  |u 20250521 
901 |a 0500066076  |b IT1  |c ACC  |u 20250521 
902 |a https://opac.biblio.iteso.mx/vufind/Record/000136995